00363nam a2200121 a 450000100100000000500170001000800410002704000250006810000290009324500530012226000380017530000280021300004911520201002061652.0190719s1988 dr 000 spa d aDO-SdBNPbspacBNPHU aAlvárez P., Eduardo A. 0aCristóbal Colón /cEduardo A. Alvárez P.,. aSanto Domingo :bCorripio,c1988. a111 p. :bil. ;c23 cm.